| 000 | 00694nam a22001577a 4500 | ||
|---|---|---|---|
| 003 | OSt | ||
| 005 | 20151006155403.0 | ||
| 008 | 151006b xxu||||| |||| 00| 0 eng d | ||
| 040 | _cRUA | ||
| 082 | _aAVM CHU 2000 B072 Or.1 | ||
| 100 |
_92202 _aCHUON, CHIVOAN. |
||
| 245 | _aTracer study of Fasciola in cattle in Sa Ang district of Kandal province, ការសិក្សាស្រាវជ្រាវរកពេលវេលាឆ្លងជំងឺដែលបង្ករដោយព្រូវហ្វាស្យូឡា នៅស្រុកស្អាត ខេ្តតកណ្តល | ||
| 260 |
_aPhnom Penh _bRUA _c2000 |
||
| 300 |
_avi; 32p. _bill. _c29cm. |
||
| 942 |
_2ddc _cAVM |
||
| 999 |
_c2074 _d2074 |
||